000 00522nam a22001697a 4500
003 OSt
005 20260120111616.0
008 260120b |||||||| |||| 00| 0 eng d
040 _cMRSPTU
041 _aEnglish
100 _aGursangeet Kaur, Supervisor: Jyoti Rani
245 _aBrain Tumor Detection in MRI Images Using Chan-Vese Algorithm
260 _bDepartment of CSE, MRSPTU, Bathinda
_c2016
650 _aComputer Science
856 _uhttp://163.47.215.52:8080/jspui/handle/123456789/334
942 _2ddc
_cTH
_n0
999 _c10698
_d10698